New Zealand All Blacks Rugby - Top 5 Players by Category - Statistics

General Stats
  • This quiz has been taken 1,177 times
    671 since last reset
  • The average score is 14 of 25
Answer Stats
Hint Answer % Correct
Top 5 Most Capped Forward 148 Richard McCaw
98%
Top 5 Most Capped Back 112 Daniel Carter
94%
Top 5 Most Capped Back 97 Aaron Smith
79%
Top Pointscorer 649 Beauden Barrett
79%
Top 5 Most Capped Forward 127 Kieran Read
77%
Top 5 Most Capped Forward 122 Sam Whitelock
77%
Top 5 Most Capped Back 94 Conrad Smith
76%
Top 5 Most Capped Back 103 Ma'a Nonu
74%
Top 5 Try Scorer 46 Julian Savea
73%
Top 5 Try Scorer 49 Doug Howlett
63%
Top 5 Most Capped Forward 132 Keven Mealamu
62%
Top 5 Try Scorer 46 Christian Cullen
52%
Top 5 Pointscorer 967 Andrew Mehrtens
51%
Top 5 Most Capped Forward 118 Tony Woodcock
51%
Top 5 Pointscorer 645 Grant Fox
48%
Top 5 Tests as Captain 51 Sean Fitzpatrick
48%
Top 5 Most Capped Back 100 Mils Muliaina
46%
Top 5 Try Scoring Forward 15 Sam Cane
44%
Top 5 Try Scorer 46 Joe Rokocoko
42%
Top 5 Try Scorer 44 Jeff Wilson
41%
Top 5 Pointscorer 322 Aaron Cruden
36%
Top 5 Try Scoring Forward 17 Zinzan Brooke
32%
Top 5 Tests as Captain 23 Reuben Thorne
21%
Top 5 Try Scoring Forward 16 Ian Kirkpatrick
9%
Top 5 Tests as Captain 30 Wilson Whineray
9%
No matching quizzes found
Score Distribution
Percent of People with Each Score
Percentile by Number Answered
Your Score History
You have not taken this quiz since the last reset